| 000 | 00540 a2200193 4500 | ||
|---|---|---|---|
| 001 | 130784 | ||
| 020 | _a85-02-01920-1 | ||
| 040 | _cLeonardo Da Vinci | ||
| 041 | _aPortuguês | ||
| 082 |
_a340.9 R245d _bR245d |
||
| 100 | _aRECHSTEINER, Beat Walter | ||
| 245 |
_aDireito internacional privado _bteoria e prática |
||
| 250 | _a3.ed | ||
| 260 |
_bSaraiva _c1999 _aSão Paulo |
||
| 300 | _a314 | ||
| 362 | _a19990000 | ||
| 697 |
_aDireito _aDireito privado _aDireito internacional _aDireito processual civil _aBrasil _aFIPEN |
||
| 942 | _cBK | ||
| 999 |
_c130784 _d130784 |
||